00757 2200265 4500001002100000005001500021035002000036006001800056007000300074008004100077020002200118040003500140082001200175084001400187100002300201245007300224260002900297300004600326500001100372504003300383600003700416850001200453041000800465990001800473INLIS00000000066291420181011031013 a0010-0818000794aa g b 000 |ta150806s2015 jkia g b 1 0 ind d a978-979-709-908-4 aJKPNPNAbindcYOPDYOGdYOPDYOG04223a923 a923 PAN r3 aPane, Nina,d1948-00aRekam jejak kebangsaan Mochtar Kusuma-Atmadja /cpenyusun, Nina Pane aJakarta :bKompas,c2015 axv, 496 halaman :bfoto berwarna ;c23 cm aIndeks aBibliografi: halaman 493-49504aMochtar Kusuma-Atmadja,--d1929- aYOPDYOG0 aind a36682-PD/B.18